000 00378nam a2200121Ia 4500
005 20260326235448.0
008 260326s9999||||xx |||||||||||||| ||und||
100 _aSexton R.W.
245 4 _aThe Logic of Modern Architecture :
_b Exteriors and Interiors of Modern American Buildings /
_cSexton R.W.
260 _bArchitectural Book Publishing Co.
650 _aHISTORIA
942 _cBK
999 _c7664
_d7664